|
|
|
|
| LEADER |
00000cam a2200000 a 4500 |
| 001 |
vtls008387608 |
| 003 |
SK-MaSNL |
| 005 |
20260302020330.0 |
| 008 |
220511s1948 xo 000 f slo |
| 015 |
|
|
|a SNBA19451955-008227
|
| 035 |
|
|
|a SK01SNKBKSFS20020079825
|
| 035 |
|
|
|a urn:nbn:sk:snk-am3i3bj
|
| 035 |
|
|
|a 4B8483A0-0035-45FB-8812-E55ECF315B9D
|
| 035 |
|
|
|a urn:nbn:sk:snk-am00dies
|
| 035 |
|
|
|a SKM000082288
|
| 040 |
|
|
|a SNK
|b slo
|c SNK
|e AACR2
|
| 041 |
0 |
|
|a slo
|
| 044 |
|
|
|a xo
|c SK
|
| 080 |
|
|
|a 885.4-31
|2 1981
|
| 100 |
1 |
|
|a Nižnánsky, Jozef,
|d 1903-1976
|4 aut
|9 110616
|
| 245 |
1 |
0 |
|a Čachtická pani
|b román
|n sväzok druhý, (kniha 3. a 4.)
|c Jožo Nižnánsky ; (ilustr. Andrej Kováčik)
|
| 250 |
|
|
|a 8. vyd.
|
| 260 |
|
|
|a Bratislava
|b Bohumil Buocik
|c 1948
|e Bratislava
|f Pravda
|
| 300 |
|
|
|a 2. 411, [5] s.
|c 22 cm
|
| 490 |
0 |
|
|a Domáca pôvodná literatúra
|v sv. 12.; 13
|
| 600 |
1 |
7 |
|a Bátoriová, Alžbeta,
|d 1560-1614
|2 SNKMA
|9 229199
|
| 655 |
|
7 |
|a slovenské romány
|2 SNKPH
|9 70324
|
| 700 |
1 |
|
|a Kováčik, Andrej,
|d 1889-1953
|4 ill
|9 103145
|
| 830 |
|
0 |
|a Domáca pôvodná literatúra
|9 495510
|
| 954 |
|
|
|a beletria pôvodná (slovenská)
|2 lita
|
| 958 |
|
|
|a RK
|
| 958 |
|
|
|a TL
|
| 958 |
|
|
|a LX
|
| 999 |
|
|
|c 1024713
|d 1026643
|
| 952 |
|
|
|a SNK
|b SNK
|y PREZ
|7 0
|p 17A0747996
|o snkSC 4114/2
|i snk1241/49
|0 0
|1 0
|4 0
|d 2018-11-12
|f 1
|l 0
|r 2025-06-25 00:00:00
|w 2026-02-24
|